Normal view MARC view

Entry Personal Name

Number of records used in: 431

001 - CONTROL NUMBER

  • control field: 48760

003 - CONTROL NUMBER IDENTIFIER

  • control field: dpl

005 - DATE AND TIME OF LATEST TRANSACTION

  • control field: 20120608165422.0

008 - FIXED-LENGTH DATA ELEMENTS

  • fixed length control field: 120608|||a|||||| | ||| d

040 ## - CATALOGING SOURCE

  • Original cataloging agency: dpl
  • Transcribing agency: dpl

100 ## - HEADING--PERSONAL NAME

  • Personal name: निश्चल,ओम

670 ## - SOURCE DATA FOUND

  • Source citation: Work cat.: (dpl): 23632, जियो उस पार में जो मैंने तुम्हें दिया है /, 2012

670 ## - SOURCE DATA FOUND

  • Source citation: Work cat.: (dpl): 23632, जियो उस पार में जो मैंने तुम्हें दिया है /, 2012

© Delhi Public Library
Hit Counter
free hit counter